Culture Générale : DIFFICILE #1 - Statistiques

Statistiques générales
  • Ce quiz a été pris 198 fois
  • Le résultat moyen est 5 sur 15
Statistiques - réponses
Hint Réponse % Correct
En quelle année a débuté la Révolution française ? 1789
97%
Quel est l’élément chimique dont le symbole est O ? Oxygène
87%
Quel pays d'Asie, malgré une vaste superficie, affiche l'un des taux de densité de population les plus faibles au monde ? Mongolie
75%
Quel principe fondamental résume l'affirmation « Cogito, ergo sum » ? Je pense, donc je suis
59%
Quel traité, signé en 1919, a mis fin officiellement à la Première Guerre mondiale ? Traité de Versailles
52%
Quel était le nom de l'alliance politico-militaire dirigée par l'URSS durant la Guerre froide ? Pacte de Varsovie
25%
Quel peintre baroque, reconnu pour l'usage dramatique du clair-obscur, a réalisé La Ronde de nuit ? Rembrandt
24%
Quel roman d'Honoré de Balzac, publié en 1837, offre une critique sociale acerbe et explore les illusions de la réussite ? Le Père Goriot
20%
Quel scientifique a découvert la radioactivité naturelle, ouvrant la voie aux recherches sur les éléments radioactifs ? Henri Becquerel
9%
Quel auteur, figure centrale du Nouveau Roman, a écrit La Jalousie ? Alain Robbe-Grillet
3%
Quel est le point le plus profond de l'océan mondial ? Challenger Deep
2%
Quelle théorie décrit la structure fondamentale de l'univers en termes de particules subatomiques et de forces fondamentales ? Le modèle standard
2%
Comment appelle-t-on le phénomène par lequel la valeur d’une monnaie diminue sur le long terme ? L'Inflation
1%
Quel concept sociologique, développé par Émile Durkheim, désigne la force qui unit les membres d'une société et assure sa cohésion ? Solidarité
1%
Quel mouvement artistique du début du XXᵉ siècle, caractérisé par l’abstraction géométrique et la recherche de l’harmonie formelle, est représenté par Mondrian ? Néoplasticisme
0%
Aucun quiz correspondant
Distribution des résultats
% des personnes avec chaque résultat
Percentile par nombre de réponses
Votre historique - résultats
Vous n’avez pas pris ce quiz